000 00445nam a2200181Ia 4500
008 230711s9999||||xx |||||||||||||| ||und||
020 _a978-81-315-2557-9
041 _aENG
082 _a542
_bSK-I
100 _aSkoog, Douglas A
245 0 _aPrinciples of instrumental analysis
250 _a6th Ed.
260 _c2007
_aNew Delhi
_bCengage Learning
300 _a1029p.
650 _aChemistry
700 _aHoller, F.James
942 _cBK
999 _c6171
_d6171